000 00245nmm a2200085Ia 4500
008 220120s9999||||xx |||||||||||||||||und||
100 _aDigit
245 4 _aThe complete recovery toolkit; VLC,NTFS-3G , CLAM XAV,ABUNTU
260 _aNine dot Nine
_c2013
999 _c139850
_d139850